Технология проведения горно-разведочных выработок: учебник для академического бакалавриата

Библиографические подробности
Главный автор: Лукьянов В. Г. Виктор Григорьевич
Автор-организация: Национальный исследовательский Томский политехнический университет (ТПУ)
Другие авторы: Панкратов А. В. Алексей Валентинович, Шмурыгин В. А. Владимир Александрович
Примечания:Серия «Университеты России» позволит высшим учебным заведениям нашей страны использовать в образовательном процессе учебники и учебные пособия по различным дисциплинам, подготовленные преподавателями лучших университетов России и впервые опубликованные в издательствах университетов. Все представленные в этой серии учебники прошла экспертную оценку учебно-методического отдела изда­тельства и публикуются в оригинальной редакции.В учебнике рассмотрены технические характеристики.;!,конструкции современных горнопроходческих машин и комплексов, используемых при разведке месторождений полезных ископаемых, правила их технической эксплуатации и техники безопасности; назначение и классификация горно-разведочных выработок, основные физико-механи­ческие свойства горных пород и их влияние на устойчивость выработок. Иачожены спо­собы разрушения горных пород, принцип действия бурильных машин, состав и свой­ства промышленных взрывчатых веществ, способы и средства взрывания зарядов.Для студентов геологических специальностей, инженерно-технических работников, занимающихся горным делом, а также может быть полезен слушателям курсов дополни­тельного обучения на право технического руководства горными и взрывньши работами.
Язык:русский
Опубликовано: Москва, Юрайт, 2018
Издание:2-е изд.
Серии:Университеты России
Предметы:
Формат: MixedMaterials Книга
Запись в KOHA:https://koha.lib.tpu.ru/cgi-bin/koha/opac-detail.pl?biblionumber=341262

MARC

LEADER 00000nam0a2200000 4500
001 341262
005 20231102005327.0
010 |a 9785534010176 
035 |a (RuTPU)RU\TPU\book\368802 
035 |a RU\TPU\book\330300 
035 |a RU\TPU\book\333184 
090 |a 341262 
100 |a 20180711d2018 m y0rusy50 ca 
101 0 |a rus 
102 |a RU 
105 |a a j 001zy 
200 1 |a Технология проведения горно-разведочных выработок  |e учебник для академического бакалавриата  |f В. Г. Лукьянов, А. В. Панкратов, В. А. Шмурыгин  |g Национальный исследовательский Томский политехнический университет (ТПУ) 
205 |a 2-е изд. 
210 |a Москва  |c Юрайт  |d 2018 
215 |a 549 с.  |c ил. 
225 1 |a Университеты России 
320 |a Библиогр.: с. 538-540 
330 |a Серия «Университеты России» позволит высшим учебным заведениям нашей страны использовать в образовательном процессе учебники и учебные пособия по различным дисциплинам, подготовленные преподавателями лучших университетов России и впервые опубликованные в издательствах университетов. Все представленные в этой серии учебники прошла экспертную оценку учебно-методического отдела изда­тельства и публикуются в оригинальной редакции.В учебнике рассмотрены технические характеристики.;!,конструкции современных горнопроходческих машин и комплексов, используемых при разведке месторождений полезных ископаемых, правила их технической эксплуатации и техники безопасности; назначение и классификация горно-разведочных выработок, основные физико-механи­ческие свойства горных пород и их влияние на устойчивость выработок. Иачожены спо­собы разрушения горных пород, принцип действия бурильных машин, состав и свой­ства промышленных взрывчатых веществ, способы и средства взрывания зарядов.Для студентов геологических специальностей, инженерно-технических работников, занимающихся горным делом, а также может быть полезен слушателям курсов дополни­тельного обучения на право технического руководства горными и взрывньши работами. 
452 1 |0 (RuTPU)RU\TPU\book\263732  |t Технология проведения горно-разведочных выработок  |o учебник  |f В. Г. Лукьянов, А. В. Панкратов, В. А. Шмурыгин  |g Национальный исследовательский Томский политехнический университет (ТПУ), Институт природных ресурсов (ИПР), Кафедра транспорта и хранения нефти и газа (ТХНГ)  |c Томск  |n Изд-во ТПУ  |d 2011  |a Лукьянов, Виктор Григорьевич 
606 1 |a Проходка горных выработок  |x Механизация комплексная  |2 stltpush  |3 (RuTPU)RU\TPU\subj\53004  |9 71358 
610 1 |a горно-разведочные работы 
610 1 |a горные породы 
610 1 |a механика 
610 1 |a горное давление 
610 1 |a горные выработки 
610 1 |a крепь 
610 1 |a устойчивость 
610 1 |a горно-разведочные выработки 
610 1 |a шурфы 
610 1 |a подземные горизонтальные выработки 
610 1 |a разрушение 
610 1 |a техника безопасности 
610 1 |a забои 
610 1 |a проветривание 
610 1 |a горные массы 
610 1 |a уборка 
610 1 |a транспортирование 
610 1 |a восстающие выработки 
610 1 |a наклонные выработки 
610 1 |a шахтные стволы 
610 1 |a водоотлив 
610 1 |a освещение 
610 1 |a энергоснабжение 
610 1 |a природа 
610 1 |a организация труда 
610 1 |a вертикальные горные выработки 
610 1 |a вертикальные стволы 
610 1 |a окружающая среда 
610 1 |a охрана 
610 1 |a учебники 
610 1 |a труды учёных ТПУ 
675 |a 622.26(075.8)  |v 4 
700 1 |a Лукьянов  |b В. Г.  |c горный инженер  |c профессор Томского политехнического университета, доктор технических наук  |f 1930-  |g Виктор Григорьевич  |2 stltpush  |3 (RuTPU)RU\TPU\pers\12910 
701 1 |a Панкратов  |b А. В.  |c специалист в области транспорта и хранения нефти  |c доцент Томского политехнического университета, кандидат технических наук  |f 1953-  |g Алексей Валентинович  |2 stltpush  |3 (RuTPU)RU\TPU\pers\26132  |4 070 
701 1 |a Шмурыгин  |b В. А.  |c специалист в области нефтегазового дела  |c доцент Томского политехнического университета  |g Владимир Александрович  |2 stltpush  |3 (RuTPU)RU\TPU\pers\26137  |4 070 
712 0 2 |a Национальный исследовательский Томский политехнический университет (ТПУ)  |c (2009- )  |2 stltpush  |3 (RuTPU)RU\TPU\col\15902 
801 1 |a RU  |b 63413507  |c 20150922 
801 2 |a RU  |b 63413507  |c 20220809  |g RCR 
900 |a Технология и техника геологоразведочных работ 
942 |c BK 
951 |l 8.1